| Tag |
First Indicator |
Second Indicator |
Subfields |
| LEADER |
00000cam a2200000 a 4500 |
| 001 |
in00000025951 |
| 005 |
20151007055740.0 |
| 008 |
870701s1988 nyuaf b 00110beng |
| 010 |
|
|
|a 87020454
|
| 020 |
|
|
|a 0393025179
|
| 035 |
|
|
|a (OCoLC)16353245
|
| 035 |
|
|
|9 AAB9154AM
|
| 040 |
|
|
|a DLC
|c DLC
|d TXA
|d UtOrBLW
|
| 049 |
|
|
|a TXAM
|c [A11032342]
|
| 050 |
0 |
0 |
|a BF173.F85
|b G377 1988
|
| 082 |
0 |
|
|a 150.19/52
|2 19
|
| 100 |
1 |
|
|a Gay, Peter,
|d 1923-2015.
|
| 245 |
1 |
0 |
|a Freud :
|b a life for our time /
|c Peter Gay.
|
| 250 |
|
|
|a 1st ed.
|
| 264 |
|
1 |
|a New York :
|b Norton,
|c [1988]
|
| 264 |
|
4 |
|c ©1988
|
| 300 |
|
|
|a xx, 810 pages, 32 unnumbered pages of plates :
|b illustrations ;
|c 24 cm.
|
| 336 |
|
|
|a text
|b txt
|2 rdacontent
|
| 337 |
|
|
|a unmediated
|b n
|2 rdamedia
|
| 338 |
|
|
|a volume
|b nc
|2 rdacarrier
|
| 504 |
|
|
|a Bibliography: pages 741-779.
|
| 500 |
|
|
|a Includes index.
|
| 505 |
0 |
|
|a Foundations : 1856-1905 -- P.1 A greed for knowledge -- Food for memories -- The lure of research -- Freud in love -- P.2 The theory in the making -- A necessary friend, and enemy -- Hysterics, projects, and embarrassments -- Self-analysis -- P.3 Psychoanalysis -- The secret of dreams -- A psychology for psychologists -- From Rome to Vienna : a progress -- A map for sexuality -- Elaborations : 1902-1915 -- P.4 Sketch of an embattled founder -- At fifty -- Pleasures of the senses -- The Wednesday psychological society -- The foreigners -- P.5 Psychoanalytic politics -- Jung : the crown prince -- American interlude -- Vienna versus Zurich -- Jung : the enemy -- P.6 Therapy and technique -- A problematic debut -- Two classic lessons -- In his own cause : Leonardo, Schreber, Fliess -- In his own cause : the politics of the wolf man -- A handbook for technicians -- P.7 Applications and implications -- Matters of taste -- Foundations of society -- Mapping the mind -- The end of Europe -- Revisions : 1915-1939 -- P.8 Aggressions -- Comprehensive and momentous things -- Uneasy peace -- Death : experience and theory -- Eros, ego, and their enemies -- P.9 Death against life -- Intimations of mortality -- Anna -- The price of popularity -- Vitality : the Berlin spirit -- P.10 Flickering lights on dark continents -- Rank and the consequences -- Doctors' dilemmas -- Woman, the dark continent -- P.11 Human nature at work -- Against illusions -- Civilization : the human predicament -- The ugly Americans -- Trophies and obituaries -- P.12 To die in freedom -- The politics of disaster -- Defiance as identity -- Finis Austriae -- Death of a stoic.
|
| 520 |
|
|
|a A biography and study of the psychoanalyst's career, family, personal life, and professional struggles.
|
| 600 |
1 |
0 |
|a Freud, Sigmund,
|d 1856-1939.
|
| 650 |
|
0 |
|a Psychoanalysts
|z Austria
|v Biography.
|
| 650 |
|
0 |
|a Psychoanalysis
|x History.
|
| 999 |
|
|
|a MARS
|
| 999 |
f |
f |
|s 3ff30d38-0285-3e1d-bcf4-880051bdad39
|i ddc7f0f8-025c-39f3-8356-a16f03583de9
|t 0
|
| 952 |
f |
f |
|p normal
|a Texas A&M University
|b College Station
|c Sterling C. Evans Library
|d Evans: Library Stacks
|t 0
|e BF173.F85 G377 1988
|h Library of Congress classification
|i unmediated -- volume
|m A14811032342
|
| 998 |
f |
f |
|a BF173.F85 G377 1988
|t 0
|l Evans: Library Stacks
|